| 000 | 00536 a2200205 4500 | ||
|---|---|---|---|
| 001 | 63263 | ||
| 005 | 20260407155929.0 | ||
| 008 | 260407a1969 arg spa d | ||
| 003 | AR-UNSa-BCEJYS | ||
| 040 |
_aAR-UNSa-BCEJYS _bspa _cAR-UNSa-BCEJYS |
||
| 080 |
_a512 _xAlgebra |
||
| 245 | 1 | 0 | _aBeginning algebra |
| 264 | 1 |
_aNew Jersey : _bPrentice-Hall _c1969 |
|
| 300 |
_axi, 378 p. _c23 cm. |
||
| 041 | _aspa | ||
| 942 | _cBK | ||
| 590 | _aniveau_biblio:m niveau_hierar:0 | ||
| 100 | 1 | _aMinnick, John H. | |
| 700 | 1 | _aStrauss, Raymond C. | |
| 999 |
_c8076 _d8076 |
||